Visualizzazione normale
Vista MARC
- Kaper
di Personal Name
Records bibliografici associati: 1
001 - CONTROL NUMBER
- control field: 24073
003 - CONTROL NUMBER IDENTIFIER
- control field: IT-RoPau
005 - DATE AND TIME OF LATEST TRANSACTION
- control field: 20140506091033.0
008 - FIXED-LENGTH DATA ELEMENTS
- fixed length control field: 140506|| aca||aabn | a|a d
040 ## - CATALOGING SOURCE
- Original cataloging agency: IT-RoPau
- Transcribing agency: IT-RoPau
100 ## - HEADING--PERSONAL NAME
- Personal name: Kaper
- Miscellaneous information: Codice autore musica SPICS: 23713
- Relator term: Autore musica
- Name of part/section of a work: All God's Chillun Got Rhythm
670 ## - SOURCE DATA FOUND
- Source citation: Work cat.: (IT-RoPau)102228: AA.VV. 794, Stan Getz (Lp 2Mjp 1061)